000 00811nam a2200253 i 4500
001 bg
100 1 _aTYSZKA, Tadeusz
245 1 0 _aPsychologia zachowań ekonomicznych /
_cTadeusz Tyszka ; Fundacja Edukacyjna Przedsiębiorczości.
260 _aWarszawa :
_bWydaw. Naukowe PWN,
_c1997.
300 _a181, [2] s. :
_brys., wykr. ;
_c21 cm.
490 1 _aPrzedsiębiorczość
504 _aBibliogr. s. 179-[182].
650 9 _aOpinia publiczna
_xbadanie
_zEuropa
650 9 _aPsychologia społeczna
_xzagadnienia
_zEuropa
651 9 _aEuropa
_xgospodarka
_xsocjologia
830 _aPrzedsiębiorczość
020 _a8301122730
040 _cBPK
041 0 _apl
080 _a330.567.22:316.64/.65](4):159.9
920 _a83-01-12273-0
942 _cKS
008 s pl f |000 0 pol
999 _c34280
_d34280
856 _uhttp://koha.tu.koszalin.pl/cgi-bin/koha/opac-detail.pl?biblionumber=34280
_yKatalog online BPK